Pokémon Go: Best Pokémon for Rainbow Cup - Statistics

General Stats
  • This quiz has been taken 4 times
  • The average score is 16 of 20
Answer Stats
Rank Pokémon Type Region % Correct
#13 Azumarill Water / Fairy Johto
100%
#14 Exeggutor Grass / Psychic Kanto
100%
#8 Kingdra Water / Dragon Johto
100%
#19 Lanturn Water / Electric Johto
100%
#17 Lapras Water / Ice Kanto
100%
#15 Magneton Electric / Steel Kanto
100%
#20 Tentacruel Water / Poison Kanto
100%
#2 Venusaur Grass / Poison Kanto
100%
#10 Victreebel Grass / Poison Kanto
100%
#5 Charizard Fire / Flying Kanto
75%
#1 Forretress Bug / Steel Johto
75%
#12 Magcargo Fire / Rock Johto
75%
#3 Meganium Grass Johto
75%
#7 Quagsire Water / Ground Johto
75%
#9 Raichu Electric Kanto
75%
#16 Beedrill Bug / Poison Kanto
50%
#18 Bellossom Grass Johto
50%
#11 Ivysaur Grass / Poison Kanto
50%
#6 Ninetales Fire Kanto
50%
#4 Typhlosion Fire Johto
50%
No matching quizzes found
Score Distribution
Percent of People with Each Score
Percentile by Number Answered
Your Score History
You have not taken this quiz